MARC

LEADER 00000nam0a2200000 4500
001 34272
005 20231101210226.0
035 |a (RuTPU)RU\TPU\book\34658 
035 |a BOOK00001309 
090 |a 34272 
100 |a 20011210d1990 m y0rusy50 ca 
101 0 |a rus 
102 |a RU 
105 |a y j 000zy 
200 1 |a Аппаратное и программное обеспечение зарубежных микроЭВМ  |e учебное пособие 
210 |a Киев  |c Высшая школа  |d 1990 
215 |a 207 с. 
606 1 |a Микро-ЭВМ  |x Программное обеспечение  |x Программирование  |2 stltpush  |3 (RuTPU)RU\TPU\subj\43788  |9 63230 
610 1 |a микросхемотехника 
610 1 |a микропроцессоры 
610 1 |a аппаратное обеспечение 
610 1 |a учебные пособия 
675 |a 681.322-181.48(075.32)  |v 3 
700 1 |a Башков  |b Е. А.  |g Евгений Александрович 
801 0 |a RU  |b 63413507  |c 20011210  |g PSBO 
801 2 |a RU  |b 63413507  |c 20150619  |g RCR 
900 |a Электроника 
900 |a Электроника и микросхемотехника 
942 |c BK